Informe y diagnóstico de República Dominicana sobre abstencionismo y particiapción /
Salvato in:
| Enti autori: | , |
|---|---|
| Natura: | testo |
| Lingua: | Spanish |
| Pubblicazione: |
San José:
ITDH
|
| Soggetti: | |
| Tags: |
Aggiungi Tag
Nessun Tag, puoi essere il primo ad aggiungerne!!
|
MARC
| LEADER | 00000 a a2200000 04500 | ||
|---|---|---|---|
| 001 | 32995 | ||
| 003 | cru CIDCACS/IIS | ||
| 005 | 20231115162444.0 | ||
| 008 | 170420b xxu||||| |||| 00| 0 spa d | ||
| 040 | |c cru CIDCACS/IIS |a cru CIDCACS/IIS | ||
| 090 | |a 04.04.02 I59in | ||
| 110 | |a Instituto Interamericano de Derechos Humanos. | ||
| 245 | |a Informe y diagnóstico de República Dominicana sobre abstencionismo y particiapción / |c Instituto Interamericano de Derechos Humanos. | ||
| 260 | |a San José: |b ITDH | ||
| 300 | |a 21 p. | ||
| 650 | |a PARTICIPACION POLITICA | ||
| 650 | |a REPUBLICA DOMINICANA | ||
| 710 | |a Centro de asesoría y promoción electoral | ||
| 942 | |2 z |c LI |h 04.04.02 I59in |i 00869 |6 040402_I59IN_00869 | ||
| 999 | |c 14424 |d 14424 | ||
